Отрезные купоны почтовых переводов денежных сумм, присланных во ВЦИК I созыва за август 1917 г.

Доступно только в Электронных читальных залах Найти на картеНа карте
RUSMARC
00003976nac2a22002891x 450
001460a55e8-ecf8-4d93-8640-ca0d5c3c4843
00520150210084747.0
100##$a20140925l19171917k y0rusy50 ca
1010#$arus
102##$aRU
105##$ay z |||||
1222#$ad19170801
$ad19170831
1220#$ad191708
2001#$aОтрезные купоны почтовых переводов денежных сумм, присланных во ВЦИК I созыва за август 1917 г.
$j1-31 августа 1917
215##$a448 листов
251##$cДело
300##$aЗаголовок дела на папке: Отрезные купоны почтовых переводов денежных сумм, присланных во ВЦИК за август месяц 1917 г.
300##$aВ деле имеются телеграммы
300##$aЧасть документов рукописная, часть - машинописная
330##$aФинансовый отдел
461#0$1001RuPRLIB510117806
$12001
$aВсероссийский центральный исполнительный комитет советов рабочих и солдатских депутатов I-го созыва
$1251
$cФонд
$1852
$gР
$j6978
462#0$1001b0fd6bf0-8147-487c-a3d9-1c46b2df3e79
$12001
$aВсероссийский центральный исполнительный комитет советов рабочих и солдатских депутатов I-го созыва
$1251
$cФонд
$1852
$j6978
517##$aОтрезные купоны почтовых переводов денежных сумм, присланных во ВЦИК за август месяц 1917 г.
60102$aВсероссийский центральный исполнительный комитет советов рабочих и солдатских депутатов. Созыв (1)
801#0$aRU
$bGA_RF
801#1$aRU
$bНПО Опыт
$c20140925
$2rusmarc
801#2$aRU
$bПБ им. Б.Н. Ельцина
$c20150210
$gRCR
$2rusmarc
852##$aГА РФ
$j835
937##$d49823605
$hПБ
035##$aRuPRLIB51016693
Формат отображения